[Event "Debrecen Flexo Print op"]
[Site "Debrecen"]
[Date "1995.??.??"]
[Round "6"]
[White "Sipos, Csaba"]
[Black "Micskei, Sandor"]
[Result "1-0"]
[WhiteElo "1910"]
[BlackElo "1855"]
[PlyCount "31"]
[EventDate "1995.??.??"]
[EventType "swiss"]
[EventRounds "9"]
[EventCountry "HUN"]
[SourceTitle "EXT 1997"]
[Source "ChessBase"]
[SourceDate "1996.11.15"]
[SourceVersion "1"]
[SourceVersionDate "1996.11.15"]
[SourceQuality "1"]

1. d4 d5 2. c4 e6 3. Nc3 c5 4. cxd5 exd5 5. dxc5 d4 6. Ne4 Bf5 7. Ng3 Bg6 8. b4 Nc6 9. a3 b5 10. Bb2 Nf6 11. Nf3 h5 12. Nxd4 Nxd4 13. Bxd4 Be7 14. e3 Rb8 15. Qf3 0-0 16. Qc6 1-0